Statistics for London Boroughs

Click here to take the quiz!

General Stats

  • This quiz has been taken 61 times
  • The average score is 12 of 33

Answer Stats

Answer% Correct
City of Westminster
65%
Camden
53%
Islington
53%
Greenwich
50%
Hackney
50%
Brent
48%
Lambeth
48%
Southwark
48%
City of London
45%
Kensington and Chelsea
45%
Richmond upon Thames
45%
Kingston upon Thames
43%
Ealing
40%
Lewisham
40%
Harrow
38%
Tower Hamlets
38%
Barnet
35%
Bexley
35%
Bromley
35%
Croydon
35%
Hounslow
35%
Redbridge
35%
Haringey
33%
Waltham Forest
30%
Enfield
28%
Hillingdon
28%
Barking and Dagenham
25%
Havering
25%
Merton
25%
Newham
25%
Wandsworth
25%
Hammersmith and Fulham
23%
Sutton
20%

Score Distribution

Percentile by Number Answered

Percent of People with Each Score

Your Score History

You have not taken this quiz